Capital Cities in a Ring of the World Map - Statistics

General Stats
  • This quiz has been taken 58,655 times
  • The average score is 19 of 25
Answers on the Map
Answers color-coded by a green-red scale on the quiz's map according to % correct below.
 
Answer Stats
Country Capital % Correct
United States Washington D.C.
98%
China Beijing
95%
South Korea Seoul
95%
Australia Canberra
92%
Cuba Havana
89%
Peru Lima
88%
New Zealand Wellington
88%
Indonesia Jakarta
87%
North Korea Pyongyang
87%
Colombia Bogotá
84%
Panama Panama City
84%
Philippines Manila
83%
Vietnam Hanoi
82%
Taiwan Taipei
81%
Venezuela Caracas
79%
Ecuador Quito
76%
Singapore Singapore
76%
Jamaica Kingston
72%
Bahamas Nassau
65%
Haiti Port-au-Prince
64%
Cambodia Phnom Penh
63%
Dominican Republic Santo Domingo
57%
Laos Vientiane
55%
East Timor Dili
50%
Brunei Bandar Seri Begawan
45%
No matching quizzes found
Score Distribution
Percent of People with Each Score
Percentile by Number Answered
Your Score History
You have not taken this quiz